000 00545nmm a2200181Ia 4500
008 251105s9999||||xx |||||||||||||||||und||
041 _acat
100 _aLeblanc, Maurice
245 0 _aL'últim amor d'Arsène Lupin
264 _a[Madrid, España] :
_bUnivers Llibres,
_c[Fecha de publicación no identificada]
300 _a0 páginas
490 _aUnivers digital
650 _aThriller & Suspense
700 _aLeblanc, Maurice
700 1 _a Vaqué, Oriol
856 _uhttps://public.digitaliapublishing.com/a/119823
942 _cCF
999 _c67711
_d67711